| 000 | 00422nam a22001817a 4500 | ||
|---|---|---|---|
| 005 | 20230601173900.0 | ||
| 008 | 230601b |||||||| |||| 00| 0 eng d | ||
| 020 | _a978932559516 | ||
| 082 |
_a621.3827 _bMUR-W |
||
| 100 | _aRyder,John.D | ||
| 245 | _aNetworks,Lines And Fields | ||
| 250 | _a2nd | ||
| 260 |
_aIndia _bPearson _c2016 |
||
| 300 | _a593 | ||
| 650 | _aEngineering | ||
| 700 | _aJohn.D.Ryder | ||
| 999 |
_c18561 _d18561 |
||